Mathematics [Book 4] (Record no. 468)
[ view plain ]
| 000 -LEADER | |
|---|---|
| fixed length control field | 00228 a2200097 4500 |
| 082 ## - DEWEY DECIMAL CLASSIFICATION NUMBER | |
| Classification number | 510 BAL |
| 100 ## - MAIN ENTRY--PERSONAL NAME | |
| Personal name | Baloch,R.B |
| 245 ## - TITLE STATEMENT | |
| Title | Mathematics [Book 4] |
| Statement of responsibility, etc. | R.B.Baloch |
| 260 ## - PUBLICATION, DISTRIBUTION, ETC. | |
| Place of publication, distribution, etc. | Karachi |
| Name of publisher, distributor, etc. | Haroon Brothers |
| 300 ## - PHYSICAL DESCRIPTION | |
| Extent | 156p. : |
| Other physical details | ill. ; |
| Dimensions | 25 cm |
| 650 ## - SUBJECT ADDED ENTRY--TOPICAL TERM | |
| Topical term or geographic name entry element | maths |
| Withdrawn status | Lost status | Damaged status | Not for loan | Permanent Location | Current Location | Shelving location | Date acquired | Total Checkouts | Full call number | Barcode | Date last seen | Price effective from | Koha item type |
|---|---|---|---|---|---|---|---|---|---|---|---|---|---|
| School of Civil and Environmental Engineering (SCEE) | School of Civil and Environmental Engineering (SCEE) | 510 BAL | NIT-4768 | 01/05/2017 | 01/05/2017 | Book |
